• 首页
  • 本馆介绍
  • 公告通知
  • 最新文献
  • 馆藏检索
  • 电子资源
  • 读者导购
  • 参考咨询
  • 我的图书馆
  • 登录
  • 详细信息显示
  • 放入我的书架
  • 预约/预借图书
  • 作者相关作品
  • 分类相关作品
  • 丛书相关作品
  • 出版社相关作品

书目信息

  • 表格格式
  • 工作单格式
  • 卡片格式
题名:
生存
    
 
作者: 邵传贤 著
分册:  
出版信息: 北京   中央编译出版社  2016
页数: 13,268页
开本: 24cm
丛书名: 超悦读丛书
单 册:
中图分类: Q147
科图分类:
主题词: 生态系--sheng tai xi--研究
电子资源:
ISBN: 978-7-5117-2784-8
000 00933nam0 22002651 450
001 0109172455
005 20170310083451.26
010    @a978-7-5117-2784-8@dCNY58.00
100    @a20160219d2016 em y0chiy50 ea
101 0  @achi
102    @aCN@b110000
105    @aa z 000yy
106    @ar
200 1  @a生存@9sheng cun@e立体污染下的生死之忧@f邵传贤著
210    @a北京@c中央编译出版社@d2016
215    @a13,268页@c图@d24cm
225 2  @a超悦读丛书@9chao yue du cong shu
330    @a本书以“食品”“饮水”“空气”为落脚点,本着科学的态度,基于翔实的数据,将危害天下民众的时代毒瘤,切开了给人们看,借以引起广大社会成员辽救的注意。
461  0 @12001 @a超悦读丛书
517 1  @a立体污染下的生死之忧@9li ti wu ran xia de sheng si zhi you
606 0  @a生态系@9sheng tai xi@x研究
690    @aQ147@v5
701  0 @a邵传贤@9shao chuan xian@f(1962?~)@4著
801  0 @aCN@bTANGWEI@c20170308
905    @b0953884-7@dQ147@e189@f4
    
    生存:立体污染下的生死之忧/邵传贤著.-北京:中央编译出版社,2016
    13,268页:图;24cm.-(超悦读丛书)
    
    
    ISBN 978-7-5117-2784-8:CNY58.00
    本书以“食品”“饮水”“空气”为落脚点,本着科学的态度,基于翔实的数据,将危害天下民众的时代毒瘤,切开了给人们看,借以引起广大社会成员辽救的注意。
●
相关链接 在E读中查询图书 在五车中查询图书 在当当中查询图书 在豆瓣中查询图书


正题名:生存     索取号:Q147/189         预约/预借

序号 登录号 条形码 馆藏地/架位号 状态 备注
1 0953884   209538847   第二样本阅览室/ [索取号:Q147/189] 在馆    
2 0953885   209538856   第三借阅区/ [索取号:Q147/189] 在馆    
3 0953886   209538865   第三借阅区/ [索取号:Q147/189] 在馆    
4 0953887   209538874   第三借阅区/ [索取号:Q147/189] 在馆    
唐山师范学院图书馆 欢迎您!
大连网信软件有限公司© 版权所有